|
|
|
|
| LEADER |
00000nam a2200000 a 4500 |
| 001 |
vtls008161316 |
| 003 |
SK-MaSNL |
| 005 |
20260426014625.0 |
| 008 |
240314s2004 xo o g 000 0dslo |
| 015 |
|
|
|a SNBA2005/07-02705
|
| 020 |
|
|
|a 8096862561
|q (viaz.)
|
| 040 |
|
|
|a SNK
|b slo
|c SNK
|e AACR2
|
| 041 |
0 |
|
|a slo
|
| 043 |
|
|
|a e-xo---
|
| 072 |
|
7 |
|a 796
|x Šport. Hry. Telesné cvičenia
|2 konspekt
|
| 080 |
|
|
|a 316.344.6-056.26/.3
|2 MDT-MRF
|
| 080 |
|
|
|a (437.6)
|2 MDT-MRF
|
| 080 |
|
|
|a (082.2)
|2 MDT-MRF
|
| 080 |
|
|
|a (084.12)
|2 MDT-MRF
|
| 080 |
|
|
|a 796.032-056.2/.3
|2 MDT-MRF
|
| 100 |
1 |
|
|a Wisterová, Zuzana
|4 aut
|9 274740
|
| 245 |
1 |
0 |
|a Slovenská pamätnica zimných paralympijských hier
|b Lillehammer 1994, Nagano 1998, Salt Lake City 2002
|c Zuzana Wisterová, Roman Benický
|
| 250 |
|
|
|a [1. vyd.]
|
| 260 |
|
|
|a Bratislava
|b Borgis
|c 2004
|
| 300 |
|
|
|a 94 s.
|b fotogr.
|c 28 cm
|
| 648 |
|
7 |
|a 1994
|2 SNK
|9 270209
|
| 648 |
|
7 |
|a 1998
|2 SNK
|9 282348
|
| 648 |
|
7 |
|a 2002
|2 SNK
|9 299607
|
| 650 |
0 |
7 |
|a špeciálne olympiády
|2 SNKPH
|9 73219
|
| 650 |
0 |
7 |
|a zdravotne postihnuté osoby
|z Slovensko
|2 SNKPH
|9 67844
|
| 650 |
0 |
7 |
|a dejiny
|2 SNKPH
|9 3825
|
| 651 |
|
7 |
|a Slovensko
|2 SNKPHgeo
|9 14231
|
| 655 |
|
7 |
|a jubilejné publikácie
|2 SNKPH
|9 70339
|
| 655 |
|
7 |
|a fotografické publikácie
|2 SNKPH
|9 70483
|
| 700 |
1 |
|
|a Benický, Roman,
|d 1965-
|4 pht
|9 164144
|
| 919 |
|
|
|a 80-968625-6-1
|
| 968 |
|
|
|d 793/799
|
| 999 |
|
|
|c 1163341
|d 1165271
|
| 952 |
|
|
|a SNK
|b SNK
|y PREZ
|7 0
|p 17A0476117
|o snkSB 70617
|i snk2005/10665
|8 0
|0 0
|1 0
|4 0
|d 2005-06-20
|l 0
|r 2025-04-22 00:00:00
|w 2026-02-24
|
| 952 |
|
|
|a SNK
|b SNK
|y VYP
|7 0
|p 17A0476116
|o snkSB 70617 D1
|i snk2005/10666
|8 0
|0 0
|1 0
|4 0
|d 2005-06-20
|l 0
|r 2016-06-30 00:00:00
|w 2026-02-24
|